00374nam a2200145Ia 4500003000900000008004100009040001300050040001300063100003200076245007200108250001100180260002300191300000800214490000600222IT-RoPAU120407s9999 xx 000 0 und d aIT-RoPAU cIT-RoPAU aJosé Luis Gonzalez Balado aRuiz-Giménez talante y figura. Trayectoria de un hombre discutido aMadrid aEdiciones Paulinas c cm v1